[Event "Varazdin Spancir op 1st"]
[Site "Varazdin"]
[Date "2023.08.27"]
[Round "6"]
[White "Drzaic, Matej"]
[Black "Jaklin, Damir"]
[Result "1/2-1/2"]
[WhiteElo "1494"]
[BlackElo "1812"]
[PlyCount "38"]
[EventDate "2023.08.24"]
[EventType "swiss"]
[EventRounds "7"]
[EventCountry "CRO"]
[SourceTitle "EXT 2024"]
[Source "ChessBase"]
[SourceDate "2023.10.10"]
[SourceVersion "1"]
[SourceVersionDate "2023.10.10"]
[SourceQuality "1"]

1. e4 c5 2. c3 Nf6 3. e5 Nd5 4. d4 cxd4 5. cxd4 d6 6. Bc4 Nb6 7. Bb3 e6 8. Nf3 Bd7 9. 0-0 Bc6 10. Nc3 Be7 11. Be3 0-0 12. Ne1 dxe5 13. dxe5 Qxd1 14. Rxd1 N8d7 15. Nd3 Rfd8 16. f4 g6 17. Rc1 Rac8 18. Rfd1 h5 19. Kf2 Kg7 1/2-1/2

[Event "EU-ch Amateur U2000"]
[Site "Zagreb"]
[Date "2022.08.19"]
[Round "7"]
[White "Jaklin, Damir"]
[Black "Flis, Pawel"]
[Result "0-1"]
[WhiteElo "1893"]
[BlackElo "1936"]
[PlyCount "84"]
[EventDate "2022.08.14"]
[EventType "swiss"]
[EventRounds "9"]
[EventCountry "CRO"]
[SourceTitle "CBM 210 Extra"]
[Source "ChessBase"]
[SourceDate "2022.11.30"]
[SourceVersion "1"]
[SourceVersionDate "2022.11.30"]
[SourceQuality "1"]

1. Nf3 Nf6 2. c4 g6 3. Nc3 Bg7 4. g3 0-0 5. Bg2 d6 6. d4 Nbd7 7. Bg5 c6 8. 0-0 h6 9. Bxf6 Nxf6 10. Qd2 Qa5 11. Ne4 Qh5 12. Nxf6+ Bxf6 13. Ne1 e5 14. d5 c5 15. Rb1 a5 16. b3 Bf5 17. e4 Bg4 18. f3 Bd7 19. Nd3 Bg7 20. a3 b6 21. Ra1 f5 22. b4 cxb4 23. axb4 fxe4 24. fxe4 axb4 25. Rxa8 Rxa8 26. Bf3 Bg4 27. Bxg4 Qxg4 28. Nf2 Qd7 29. Qxb4 Qc7 30. Rb1 Rb8 31. Nd1 h5 32. Nb2 Bh6 33. Na4 Be3+ 34. Kg2 Qd7 35. h3 Rf8 36. Rb2 Qf7 37. Qe1 Qf3+ 38. Kh2 Bf2 39. Rxf2 Qxf2+ 40. Qxf2 Rxf2+ 41. Kg1 Re2 42. Nxb6 Rxe4 0-1

[Event "EU-ch Amateur U2000"]
[Site "Zagreb"]
[Date "2022.08.15"]
[Round "2"]
[White "Golubovic, Erik"]
[Black "Jaklin, Damir"]
[Result "1/2-1/2"]
[WhiteElo "1612"]
[BlackElo "1893"]
[PlyCount "81"]
[EventDate "2022.08.14"]
[EventType "swiss"]
[EventRounds "9"]
[EventCountry "CRO"]
[SourceTitle "CBM 210 Extra"]
[Source "ChessBase"]
[SourceDate "2022.11.30"]
[SourceVersion "1"]
[SourceVersionDate "2022.11.30"]
[SourceQuality "1"]

1. e4 c5 2. c3 e6 3. d4 d5 4. exd5 exd5 5. Nf3 Nc6 6. Bb5 Bd6 7. dxc5 Bxc5 8. 0-0 Nge7 9. Nbd2 0-0 10. Nb3 Bb6 11. Nbd4 Bg4 12. Qa4 Bxf3 13. Nxf3 Qd6 14. Bg5 f6 15. Bh4 Nf5 16. Rad1 Nxh4 17. Qxh4 Ne7 18. Bd3 g6 19. Bc2 Kg7 20. Rfe1 Rad8 21. Qh3 Nc6 22. Bb3 Qc5 23. Nd4 Nxd4 24. cxd4 Qb4 25. Re6 Rf7 26. a3 Qf8 27. Qf3 Rfd7 28. Qe3 Rf7 29. g3 Rc7 30. Re1 Rdd7 31. h4 Rd6 32. Re7+ Rxe7 33. Qxe7+ Qxe7 34. Rxe7+ Kh6 35. f4 Bxd4+ 36. Kg2 f5 37. Rxb7 Bxb2 38. Rxa7 Bc1 39. a4 Be3 40. Re7 Bd4 41. Kf3 1/2-1/2

[Event "CRO-chT3B Center North"]
[Site "Croatia"]
[Date "2016.04.03"]
[Round "1.3"]
[White "Jaklin, Damir"]
[Black "Vucko, Joze"]
[Result "0-1"]
[WhiteElo "1947"]
[BlackElo "1954"]
[PlyCount "94"]
[EventDate "2016.04.03"]
[EventType "team-tourn"]
[EventRounds "9"]
[EventCountry "CRO"]
[SourceTitle "EXT 2019"]
[Source "ChessBase"]
[SourceDate "2018.10.10"]
[SourceVersion "1"]
[SourceVersionDate "2018.10.10"]
[SourceQuality "1"]

1. d4 d5 2. c4 c6 3. cxd5 cxd5 4. Nc3 Nc6 5. Nf3 e6 6. Bf4 Bd6 7. e3 a6 8. Bd3 Bxf4 9. exf4 Nge7 10. 0-0 Bd7 11. a3 Rc8 12. Rc1 b5 13. Re1 g6 14. Qd2 Qb6 15. Qe3 f6 16. Rcd1 Kf7 17. h3 Nf5 18. Bxf5 gxf5 19. Kh2 Rhg8 20. Rg1 Na5 21. Rde1 Nc4 22. Qe2 Qd6 23. g3 Nxa3 24. Nh4 Rg7 25. Qh5+ Kg8 26. Nxd5 Qxd5 27. bxa3 Rc2 28. Rg2 Rd2 29. Rc1 Kf8 30. Rc3 Bc6 31. Qh6 Kf7 32. Qh5+ Ke7 33. Re3 Kd7 34. Qh6 Re7 35. Qxf6 Rxf2 36. Nf3 Rxf3 37. Re5 Qxd4 38. Rxe6 Qxf6 39. Rxf6 Rd3 40. Rc2 Bb7 41. Rxf5 Rxa3 42. Rd2+ Kc7 43. Rc2+ Kb6 44. Rf6+ Ka5 45. h4 Ree3 46. Rf7 Bd5 47. Rc1 Rxg3 0-1

[Event "Topusko op 3rd"]
[Site "Topusko"]
[Date "2014.08.15"]
[Round "9"]
[White "Brajdic, Danko"]
[Black "Jaklin, Damir"]
[Result "1-0"]
[WhiteElo "2123"]
[BlackElo "1904"]
[PlyCount "65"]
[EventDate "2014.08.08"]
[EventType "swiss"]
[EventRounds "9"]
[EventCountry "CRO"]
[SourceTitle "CBM 162 Extra"]
[Source "ChessBase"]
[SourceDate "2014.10.17"]
[SourceVersion "1"]
[SourceVersionDate "2014.10.17"]
[SourceQuality "1"]

1. Nf3 Nf6 2. g3 d5 3. Bg2 Nbd7 4. 0-0 e6 5. c4 c6 6. d4 Be7 7. Qc2 0-0 8. Rd1 b6 9. b3 Bb7 10. Nc3 Rc8 11. e4 dxe4 12. Ng5 Re8 13. Ngxe4 Nxe4 14. Nxe4 Nf6 15. Bf4 h6 16. Be5 Nxe4 17. Qxe4 Bf6 18. Rac1 Qe7 19. c5 Red8 20. Bd6 Qe8 21. b4 b5 22. Be5 Qe7 23. Bd6 Qe8 24. Bf1 g6 25. Bxb5 Rd7 26. Be2 a5 27. Rb1 axb4 28. Rxb4 Ra8 29. Rdb1 Ba6 30. Bf3 Rda7 31. Rb8 Bd8 32. Qxc6 Qxc6 33. Bxc6 1-0

[Event "SRB Central-ch op-B 7th"]
[Site "Paracin"]
[Date "2014.07.10"]
[Round "8"]
[White "Milosavljevic, Delimir"]
[Black "Jaklin, Damir"]
[Result "1-0"]
[WhiteElo "1836"]
[BlackElo "1962"]
[PlyCount "103"]
[EventDate "2014.07.04"]
[EventType "swiss"]
[EventRounds "9"]
[EventCountry "SRB"]
[SourceTitle "CBM 161 Extra"]
[Source "ChessBase"]
[SourceDate "2014.08.29"]
[SourceVersion "1"]
[SourceVersionDate "2014.08.29"]
[SourceQuality "1"]

1. c4 e6 2. Nc3 d5 3. cxd5 exd5 4. d4 Nf6 5. Nf3 c6 6. g3 Bd6 7. Bg2 0-0 8. 0-0 Re8 9. a3 Nbd7 10. b4 b5 11. Nd2 Bb7 12. e4 Nxe4 13. Ndxe4 dxe4 14. Nxe4 Be7 15. Nc3 a6 16. d5 cxd5 17. Nxd5 Nf6 18. Nxe7+ Qxe7 19. Bxb7 Qxb7 20. Bb2 Rad8 21. Qb3 Qd5 22. Qc3 Rc8 23. Qd4 Rcd8 24. Qxd5 Nxd5 25. Rac1 Nb6 26. Rc6 Nc4 27. Bc1 Re6 28. Rc7 h6 29. a4 Rd5 30. axb5 axb5 31. Bf4 g5 32. Rc8+ Kh7 33. Bb8 Nd2 34. Rfc1 Nf3+ 35. Kg2 g4 36. h3 h5 37. R8c5 Rxc5 38. bxc5 Nd4 39. hxg4 hxg4 40. Bd6 Nc6 41. Rh1+ Kg7 42. Ra1 b4 43. Ra6 Nd4 44. Ra1 b3 45. Rb1 Nf3 46. Bf4 b2 47. Be3 Rc6 48. Rxb2 Kf8 49. Rb4 f5 50. Rb6 Rc7 51. c6 Rh7 52. Rb8+ 1-0

[Event "Topusko op 2nd"]
[Site "Topusko"]
[Date "2013.08.08"]
[Round "6"]
[White "Jaklin, Damir"]
[Black "Mravunac, Damir"]
[Result "1-0"]
[WhiteElo "1916"]
[BlackElo "2151"]
[PlyCount "89"]
[EventDate "2013.08.03"]
[EventType "swiss"]
[EventRounds "7"]
[EventCountry "CRO"]
[SourceTitle "CBM 155 Extra"]
[Source "ChessBase"]
[SourceDate "2013.08.26"]
[SourceVersion "1"]
[SourceVersionDate "2013.08.26"]
[SourceQuality "1"]

1. d4 e6 2. Nf3 f5 3. g3 b6 4. Bg2 Bb7 5. 0-0 Nf6 6. c4 a5 7. Nc3 Bb4 8. Qc2 0-0 9. Bd2 Bxc3 10. Bxc3 Be4 11. Qd1 Qe8 12. e3 d6 13. Rc1 Nbd7 14. Nd2 Bxg2 15. Kxg2 Ne4 16. f3 Nxd2 17. Qxd2 Qg6 18. Qc2 Nf6 19. Rce1 Rf7 20. c5 Raf8 21. Bd2 h5 22. cxb6 cxb6 23. Qc6 Nd5 24. Qxd6 h4 25. Qe5 Rf6 26. e4 Ne7 27. d5 fxe4 28. fxe4 Qg4 29. h3 Qxg3+ 30. Qxg3 hxg3 31. Rxf6 Rxf6 32. Bg5 Rf7 33. Bxe7 Rxe7 34. d6 Rb7 35. e5 Kf8 36. Kxg3 b5 37. Kf4 a4 38. Rc1 Ke8 39. Kg5 b4 40. Rc8+ Kd7 41. Rc7+ Rxc7 42. dxc7 Kxc7 43. Kg6 Kc6 44. Kxg7 Kd5 45. Kf6 1-0

[Event "Podturen Mavrin Memorial"]
[Site "Podturen"]
[Date "2013.01.05"]
[Round "5"]
[White "Tomasic, Dragutin"]
[Black "Jaklin, Damir"]
[Result "1/2-1/2"]
[WhiteElo "2017"]
[BlackElo "1878"]
[PlyCount "76"]
[EventDate "2013.01.03"]
[EventType "swiss"]
[EventRounds "7"]
[EventCountry "CRO"]
[SourceTitle "CBM 152 Extra"]
[Source "ChessBase"]
[SourceDate "2013.02.25"]
[SourceVersion "1"]
[SourceVersionDate "2013.02.25"]
[SourceQuality "1"]

1. e4 c5 2. f4 Nf6 3. Nc3 d5 4. Bb5+ Bd7 5. Bxd7+ Qxd7 6. e5 d4 7. exf6 dxc3 8. fxg7 cxd2+ 9. Qxd2 Bxg7 10. Qxd7+ Nxd7 11. c3 0-0 12. Be3 Rac8 13. 0-0-0 Rfd8 14. Nf3 b6 15. Rhe1 Kf8 16. Kc2 Nb8 17. Ng5 h6 18. Nf3 Nc6 19. Rxd8+ Rxd8 20. Rd1 Rxd1 21. Kxd1 e6 22. Kc2 Ke7 23. g4 Kd6 24. Kd3 Ne7 25. h4 Bf6 26. g5 Bg7 27. Ke4 Nf5 28. Bf2 Ke7 29. Ne5 Nd6+ 30. Kd3 hxg5 31. hxg5 Bxe5 32. fxe5 Nb5 33. Bh4 Kd7 34. a4 Nc7 35. Ke4 Kc6 36. b4 cxb4 37. cxb4 Nd5 38. Be1 a6 1/2-1/2

[Event "SRB Central-ch op-B 5th"]
[Site "Paracin"]
[Date "2012.07.10"]
[Round "5"]
[White "Jaklin, Damir"]
[Black "Ratkovic, Petar"]
[Result "1-0"]
[WhiteElo "1937"]
[BlackElo "1527"]
[PlyCount "111"]
[EventDate "2012.07.06"]
[EventType "swiss"]
[EventRounds "9"]
[EventCountry "SRB"]
[SourceTitle "CBM 149 Extra"]
[Source "ChessBase"]
[SourceDate "2012.08.24"]
[SourceVersion "1"]
[SourceVersionDate "2012.08.24"]
[SourceQuality "1"]

1. d4 d5 2. c4 c6 3. cxd5 cxd5 4. Nc3 Nc6 5. Nf3 Nf6 6. Bf4 Bf5 7. e3 e6 8. Qb3 Qc8 9. Rc1 Bb4 10. Bb5 0-0 11. 0-0 Bxc3 12. Rxc3 Ne4 13. Rcc1 a6 14. Bxc6 bxc6 15. Qa4 Qb7 16. b3 Rfc8 17. Ne5 Qb5 18. f3 Qxa4 19. bxa4 Nf6 20. Nxc6 Kf8 21. Rc3 Ke8 22. Rfc1 Nd7 23. a5 Nf6 24. g4 Bg6 25. Nb4 Rxc3 26. Rxc3 h5 27. g5 Nd7 28. Rc6 Kd8 29. Bc7+ Ke7 30. Rxa6 Rc8 31. Rc6 Nb8 32. Bxb8 Rxb8 33. Rb6 Ra8 34. a6 Kd7 35. a4 h4 36. a5 Bh5 37. Nc6 Kc7 38. Kf2 f6 39. gxf6 gxf6 40. Nb4 Kd7 41. e4 dxe4 42. fxe4 h3 43. Kg3 Bg6 44. Kf4 Bh5 45. e5 f5 46. Rb7+ Kd8 47. Rh7 Be8 48. Rh8 Ke7 49. Rh7+ Kd8 50. Rxh3 Kc7 51. Rh7+ Bd7 52. d5 exd5 53. e6 Kd6 54. exd7 d4 55. Kxf5 Kc7 56. d8Q+ 1-0

[Event "SRB Central-ch op-B 5th"]
[Site "Paracin"]
[Date "2012.07.07"]
[Round "2"]
[White "Lazovic, Bozidar"]
[Black "Jaklin, Damir"]
[Result "1-0"]
[WhiteElo "1802"]
[BlackElo "1937"]
[PlyCount "99"]
[EventDate "2012.07.06"]
[EventType "swiss"]
[EventRounds "9"]
[EventCountry "SRB"]
[SourceTitle "CBM 149 Extra"]
[Source "ChessBase"]
[SourceDate "2012.08.24"]
[SourceVersion "1"]
[SourceVersionDate "2012.08.24"]
[SourceQuality "1"]

1. Nf3 Nf6 2. g3 d6 3. d3 e5 4. Bg2 Be7 5. 0-0 0-0 6. e4 Re8 7. Nc3 c6 8. h3 Nbd7 9. Nh4 Nb6 10. Nf5 Bxf5 11. exf5 d5 12. g4 d4 13. Ne4 Nbd5 14. a3 Nf4 15. Nxf6+ Bxf6 16. Qf3 Nxg2 17. Qxg2 Bg5 18. Re1 Bxc1 19. Raxc1 Qg5 20. Rcd1 h5 21. Re4 f6 22. Rde1 Kf8 23. Kf1 Rad8 24. Qf3 h4 25. Qe2 Rd5 26. f4 Qh6 27. Qg2 Red8 28. fxe5 fxe5 29. g5 Qh7 30. Kg1 Re8 31. Rf1 Kg8 32. g6 Qh6 33. Qf2 Rf8 34. Qxh4 Qxh4 35. Rxh4 c5 36. b3 b5 37. Rf3 a5 38. Kf1 c4 39. Ke2 cxb3 40. cxb3 Rc5 41. Re4 Re8 42. f6 gxf6 43. Rxf6 Kg7 44. Rb6 Rc2+ 45. Kd1 Rec8 46. Rxe5 Rc1+ 47. Ke2 R8c2+ 48. Kf3 Rf1+ 49. Ke4 Re2+ 50. Kxd4 1-0

[Event "CRO-chT4B Center North"]
[Site "Croatia"]
[Date "2012.04.15"]
[Round "1.41"]
[White "Jaklin, Damir"]
[Black "Florjan, Mladen"]
[Result "1/2-1/2"]
[WhiteElo "1937"]
[BlackElo "2005"]
[PlyCount "91"]
[EventDate "2012.04.15"]
[EventType "team-tourn"]
[EventRounds "9"]
[EventCountry "CRO"]
[SourceTitle "EXT 2013"]
[Source "ChessBase"]
[SourceDate "2012.11.22"]
[SourceVersion "1"]
[SourceVersionDate "2012.11.22"]
[SourceQuality "1"]

1. d4 Nf6 2. Nf3 g6 3. b3 Bg7 4. Bb2 d5 5. g3 0-0 6. Bg2 c6 7. 0-0 Bf5 8. Nbd2 Ne4 9. e3 Nd7 10. Nh4 Nxd2 11. Qxd2 Be6 12. f4 f5 13. Nf3 Nf6 14. Ba3 Re8 15. Ng5 Bd7 16. Rad1 h6 17. Nh3 Ne4 18. Qe1 a5 19. Nf2 a4 20. Nxe4 axb3 21. axb3 Rxa3 22. Nc5 b6 23. Qb4 Ra2 24. Nxd7 Qxd7 25. c4 Rea8 26. Rf2 Rxf2 27. Kxf2 Ra2+ 28. Rd2 c5 29. Qc3 Rxd2+ 30. Qxd2 dxc4 31. bxc4 cxd4 32. exd4 Qxd4+ 33. Qxd4 Bxd4+ 34. Ke2 Kg7 35. h3 h5 36. Bf3 Kf6 37. Kd3 Bc5 38. g4 hxg4 39. hxg4 fxg4 40. Bxg4 e5 41. Ke4 exf4 42. Kxf4 Bd6+ 43. Kf3 Ke5 44. Bd7 Kd4 45. Be6 Ke5 46. Bd7 1/2-1/2

[Event "Zupanja op 5th"]
[Site "Zupanja"]
[Date "2011.08.21"]
[Round "8"]
[White "Sulc, Damir"]
[Black "Jaklin, Damir"]
[Result "1-0"]
[WhiteElo "2248"]
[BlackElo "1984"]
[PlyCount "89"]
[EventDate "2011.08.19"]
[EventType "swiss"]
[EventRounds "9"]
[EventCountry "CRO"]
[SourceTitle "CBM 143 Extra"]
[Source "ChessBase"]
[SourceDate "2011.08.29"]
[SourceVersion "1"]
[SourceVersionDate "2011.08.29"]
[SourceQuality "1"]

1. e4 c5 2. Nf3 d6 3. d4 cxd4 4. Nxd4 Nf6 5. Nc3 Nc6 6. Bg5 e6 7. Qd2 Be7 8. 0-0-0 Nxd4 9. Qxd4 0-0 10. f4 Qa5 11. Bc4 Bd7 12. Bb3 Bc6 13. Rhf1 h6 14. Bh4 Qh5 15. Bg3 Rfd8 16. f5 e5 17. Qd3 Rac8 18. Kb1 Nd7 19. Nd5 Bg5 20. h4 Nc5 21. Qf3 Qxf3 22. gxf3 Bf6 23. Bf2 b5 24. Nxf6+ gxf6 25. Rg1+ Kf8 26. h5 Ke7 27. Rg7 Nxb3 28. axb3 a6 29. Be3 Bb7 30. b4 Rg8 31. Rdg1 Rh8 32. c3 Kf8 33. Kc2 Ke8 34. Kd3 Ke7 35. b3 Bc6 36. c4 Ra8 37. Bb6 Rab8 38. c5 d5 39. Bc7 Rbc8 40. Bd6+ Ke8 41. Rg8+ Kd7 42. Rxc8 dxe4+ 43. fxe4 Kxc8 44. Be7 Be8 45. Bxf6 1-0

[Event "Ptuj op 6th"]
[Site "Ptuj"]
[Date "2011.08.17"]
[Round "8"]
[White "Jaklin, Damir"]
[Black "Belsak, Zan"]
[Result "1/2-1/2"]
[WhiteElo "1984"]
[BlackElo "2109"]
[PlyCount "57"]
[EventDate "2011.08.12"]
[EventType "swiss"]
[EventRounds "9"]
[EventCountry "SLO"]
[SourceTitle "CBM 143 Extra"]
[Source "ChessBase"]
[SourceDate "2011.08.29"]
[SourceVersion "1"]
[SourceVersionDate "2011.08.29"]
[SourceQuality "1"]

1. d4 e6 2. c4 f5 3. Nf3 Nf6 4. g3 b6 5. Bg2 Bb7 6. 0-0 Be7 7. Nc3 0-0 8. d5 Bd6 9. Nd4 Qe7 10. e4 fxe4 11. dxe6 dxe6 12. Qe2 Nbd7 13. Nxe4 Nxe4 14. Bxe4 Bxe4 15. Qxe4 Nc5 16. Qe2 Qf6 17. Rd1 a6 18. Be3 e5 19. Nb3 Nxb3 20. axb3 a5 21. c5 Bxc5 22. Bxc5 bxc5 23. Qc4+ Rf7 24. Qxc5 Qb6 25. Qxb6 cxb6 26. Rd6 Rf6 27. Rad1 Raf8 28. R1d2 h6 29. R6d5 1/2-1/2

[Event "Ptuj op 6th"]
[Site "Ptuj"]
[Date "2011.08.16"]
[Round "7"]
[White "Jaklin, Damir"]
[Black "Tomasic, Roland"]
[Result "1-0"]
[WhiteElo "1984"]
[BlackElo "2134"]
[PlyCount "125"]
[EventDate "2011.08.12"]
[EventType "swiss"]
[EventRounds "9"]
[EventCountry "SLO"]
[SourceTitle "CBM 143 Extra"]
[Source "ChessBase"]
[SourceDate "2011.08.29"]
[SourceVersion "1"]
[SourceVersionDate "2011.08.29"]
[SourceQuality "1"]

1. e4 c5 2. Nc3 e6 3. g3 Nc6 4. Bg2 Nf6 5. Nge2 d6 6. 0-0 Be7 7. d3 0-0 8. f4 Rb8 9. Kh1 Qc7 10. Be3 b5 11. Qd2 b4 12. Nd1 d5 13. e5 Ng4 14. Bg1 d4 15. h3 Nh6 16. g4 f5 17. exf6 gxf6 18. f5 Nf7 19. fxe6 Bxe6 20. Nf4 Qd6 21. Nf2 Nce5 22. Ne4 Qb6 23. Nh5 Qa6 24. Nexf6+ Kh8 25. Bh2 Rb6 26. Bxe5 Nxe5 27. Qh6 Rf7 28. Be4 Bf8 29. Qg5 Ng6 30. Nxh7 Rxh7 31. Qxg6 Bg8 32. Qf5 Bg7 33. Nxg7 Rxg7 34. Kg2 Rd6 35. Qxc5 Rh6 36. Rf5 Qa4 37. b3 Qd7 38. Qe5 Qc8 39. Rc1 Qc3 40. Qf4 Rgh7 41. Rf8 Re6 42. Rf1 Rg7 43. Rf2 Qc5 44. Rf5 Qe7 45. Rh5+ Rh7 46. Bxh7 Bxh7 47. Qf8+ Qxf8 48. Rxf8+ Kg7 49. Rc8 Bg6 50. Rc7+ Kf6 51. Rhc5 Be8 52. Kg3 a6 53. h4 Re1 54. Rf5+ Ke6 55. Kf4 Re2 56. Kg5 Kd6 57. Rc4 Bd7 58. Rxd4+ Kc6 59. Rf6+ Kc7 60. Rf7 Re5+ 61. Kf4 Ra5 62. Rfxd7+ Kc6 63. R4d6+ 1-0